Т. 1; Собрание трудов

Detalles Bibliográficos
Parent link:Собрание трудов: В 2 т./ Л. Д. Ландау; Академия наук СССР (АН СССР). Т. 1.— , 1969
Outros autores: Лифшиц Е. М. Евгений Михайлович (редактор)
Idioma:ruso
Publicado: 1969
Subjects:
Formato: Libro
KOHA link:https://koha.lib.tpu.ru/cgi-bin/koha/opac-detail.pl?biblionumber=151598

MARC

LEADER 00000nam2a2200000 4500
001 151598
005 20231101221554.0
035 |a (RuTPU)RU\TPU\book\164366 
090 |a 151598 
100 |a 20090126d1969 k y0rusy50 ca 
101 0 |a rus 
102 |a RU 
105 |a a z 000zy 
200 0 |a Т. 1  |f под ред. Е. М. Лифшица 
210 |d 1969 
215 |a 512 с.  |c ил. 
461 1 |0 (RuTPU)RU\TPU\book\164413  |t Собрание трудов  |o В 2 т.  |f Л. Д. Ландау  |g Академия наук СССР (АН СССР)  |v Т. 1  |d 1969 
606 1 |a Физика  |2 stltpush  |3 (RuTPU)RU\TPU\subj\63709  |9 80688 
610 1 |a научные статьи 
610 1 |a теоретическая физика 
610 1 |a волновая механика 
610 1 |a квантовая электродинамика 
610 1 |a теория передачи энергии 
610 1 |a теория звезд 
610 1 |a кристаллическая решетка 
610 1 |a сверхпроводимость 
675 |a 53  |v 3 
702 1 |a Лифшиц  |b Е. М.  |g Евгений Михайлович  |4 340 
801 1 |a RU  |b 63413507  |c 20090126  |g PSBO 
801 2 |a RU  |b 63413507  |c 20201111  |g PSBO 
942 |c BK